[Event "Milan Crespi op-B 35th"]
[Site "Milan"]
[Date "2014.12.06"]
[Round "4"]
[White "Confalonieri, Luca"]
[Black "Orlandini, Andrea"]
[Result "1/2-1/2"]
[WhiteElo "1699"]
[BlackElo "1637"]
[PlyCount "46"]
[EventDate "2014.12.04"]
[EventType "swiss"]
[EventRounds "7"]
[EventCountry "ITA"]
[SourceTitle "EXT 2017"]
[Source "ChessBase"]
[SourceDate "2016.10.25"]
[SourceVersion "1"]
[SourceVersionDate "2016.10.25"]
[SourceQuality "1"]

1. e4 c5 2. Nf3 d6 3. d4 cxd4 4. Nxd4 Nf6 5. Nc3 a6 6. Bc4 e6 7. Bb3 Be7 8. 0-0 0-0 9. Kh1 b5 10. a3 Bb7 11. Bxe6 fxe6 12. Nxe6 Qd7 13. Nxf8 Kxf8 14. Bg5 h6 15. f4 Nxe4 16. Bxe7+ Qxe7 17. Nd5 Qh4 18. Qd3 Bxd5 19. Qxd5 Ng3+ 20. Kg1 Ne2+ 21. Kh1 Ng3+ 22. Kg1 Ne2+ 23. Kh1 Ng3+ 1/2-1/2

[Event "Ceriano Laghetto op-B 23rd"]
[Site "Ceriano Laghetto"]
[Date "2014.03.15"]
[Round "3"]
[White "Confalonieri, Luca"]
[Black "Rossi, Giampiero"]
[Result "1/2-1/2"]
[WhiteElo "1640"]
[BlackElo "1878"]
[PlyCount "74"]
[EventDate "2014.03.14"]
[EventType "swiss"]
[EventRounds "5"]
[EventCountry "ITA"]
[SourceTitle "EXT 2015"]
[Source "ChessBase"]
[SourceDate "2014.11.20"]
[SourceVersion "1"]
[SourceVersionDate "2014.11.20"]
[SourceQuality "1"]

1. e4 c5 2. Nf3 e6 3. d4 cxd4 4. Nxd4 a6 5. Nc3 Qc7 6. Be3 Nf6 7. Bd3 Nc6 8. 0-0 Ne5 9. f4 Neg4 10. Qe2 Nxe3 11. Qxe3 Bc5 12. Nce2 d6 13. e5 dxe5 14. fxe5 Ng4 15. Qg5 f5 16. Kh1 Qxe5 17. Rf4 Bxd4 18. Nxd4 Qf6 19. Qxf6 Nxf6 20. Re1 Kf7 21. Bc4 Nd5 22. Bxd5 exd5 23. Nxf5 Bxf5 24. Rxf5+ Kg6 25. Rxd5 Rhe8 26. Rd6+ Kf7 27. Rd7+ Kg8 28. Red1 Re2 29. Kg1 Rxc2 30. Rxb7 Re8 31. h3 h6 32. Rdd7 Ree2 33. Rxg7+ Kh8 34. Rh7+ Kg8 35. Rxh6 Rxg2+ 36. Kf1 Rgf2+ 37. Ke1 Rfe2+ 1/2-1/2

[Event "Milan Crespi op-C 33rd"]
[Site "Milan"]
[Date "2012.12.06"]
[Round "2"]
[White "Confalonieri, Luca"]
[Black "Frignani, Alessandro"]
[Result "1-0"]
[WhiteElo "1607"]
[BlackElo "1344"]
[PlyCount "51"]
[EventDate "2012.12.05"]
[EventType "swiss"]
[EventRounds "7"]
[EventCountry "ITA"]
[SourceTitle "EXT 2024"]
[Source "ChessBase"]
[SourceDate "2023.10.10"]
[SourceVersion "1"]
[SourceVersionDate "2023.10.10"]
[SourceQuality "1"]

1. e4 e5 2. Nf3 d6 3. Bc4 h6 4. Nc3 c6 5. d4 Bg4 6. Be3 f6 7. h3 Bxf3 8. Qxf3 Qe7 9. d5 c5 10. Qf5 Nd7 11. Bb5 a6 12. Be2 0-0-0 13. Na4 Kb8 14. b4 b5 15. Nb2 Nb6 16. a4 Qd7 17. Qxd7 Nxd7 18. axb5 axb5 19. Bxb5 Ne7 20. bxc5 Nxc5 21. Bxc5 dxc5 22. Ke2 Nc8 23. Nc4 Nd6 24. Rhb1 Nxe4 25. Bd7+ Kc7 26. Ra7# 1-0

[Event "Milan Crespi op-C 33rd"]
[Site "Milan"]
[Date "2012.12.05"]
[Round "1"]
[White "Colica, Daniele"]
[Black "Confalonieri, Luca"]
[Result "1-0"]
[WhiteElo "1713"]
[BlackElo "1607"]
[PlyCount "73"]
[EventDate "2012.12.05"]
[EventType "swiss"]
[EventRounds "7"]
[EventCountry "ITA"]
[SourceTitle "EXT 2024"]
[Source "ChessBase"]
[SourceDate "2023.10.10"]
[SourceVersion "1"]
[SourceVersionDate "2023.10.10"]
[SourceQuality "1"]

1. e4 e5 2. Nf3 Nc6 3. d4 exd4 4. Nxd4 Nf6 5. Nxc6 bxc6 6. e5 Qe7 7. Qe2 Nd5 8. c4 Nb6 9. b3 g6 10. g3 Bg7 11. Bb2 d6 12. Bg2 Bb7 13. f4 Nd7 14. 0-0 f5 15. Re1 0-0 16. Nd2 Rfe8 17. Nf3 c5 18. Qd2 Be4 19. Rad1 Rad8 20. exd6 cxd6 21. Ng5 Nf6 22. Bxf6 Bxf6 23. Nxe4 Bd4+ 24. Kh1 fxe4 25. Bxe4 Qf6 26. Bc6 Rxe1+ 27. Rxe1 Kg7 28. Qe2 Kh6 29. Qg4 Bf2 30. Qh3+ Kg7 31. Rf1 Qb2 32. Qe6 Rf8 33. Qxd6 Bd4 34. Bd5 Kh6 35. Qxf8+ Bg7 36. Qe7 Qxa2 37. Qh4# 1-0

[Event "Ceriano Laghetto op-B 21st"]
[Site "Ceriano Laghetto"]
[Date "2012.03.??"]
[Round "1"]
[White "Visigalli, Cesare"]
[Black "Confalonieri, Luca"]
[Result "0-1"]
[WhiteElo "1785"]
[BlackElo "1605"]
[PlyCount "76"]
[EventDate "2012.03.24"]
[EventType "swiss"]
[EventRounds "5"]
[EventCountry "ITA"]
[SourceTitle "EXT 2024"]
[Source "ChessBase"]
[SourceDate "2023.10.10"]
[SourceVersion "1"]
[SourceVersionDate "2023.10.10"]
[SourceQuality "1"]

1. e4 e5 2. Nf3 Nc6 3. Bb5 a6 4. Bxc6 dxc6 5. 0-0 Bg4 6. h3 Bh5 7. d3 Nf6 8. Bg5 h6 9. Bh4 g5 10. Bg3 Bd6 11. Nbd2 Qd7 12. Bxe5 Bxe5 13. Nxe5 Qe6 14. Nef3 0-0-0 15. Re1 g4 16. hxg4 Bxg4 17. Nf1 h5 18. Ng5 Qe7 19. Qd2 h4 20. Nh2 Rdg8 21. f4 Bd7 22. Qf2 Kb8 23. e5 Nh7 24. Nhf3 h3 25. d4 hxg2 26. Qxg2 Nxg5 27. Nxg5 f6 28. exf6 Qxf6 29. Qf2 Qh6 30. Kf1 Qh1+ 31. Ke2 Re8+ 32. Kd2 Qd5 33. b3 Qa5+ 34. c3 Qa3 35. Kd3 Bf5+ 36. Ne4 Rh3+ 37. Re3 Bxe4+ 38. Kd2 Qb2+ 0-1